000 00645cam a2200157ua 4500
041 _ahin
_h
082 _a891.54
_bNAV/AA
100 _aNavajeevanprakaashan, .
110 1 _aNavajeevan praka shan .
_b
_c()
245 0 0 _aAasharam-banajavali /
_cNavajeevan prakashan.
_hTextual Documents
260 _a :
_bcorparatebody ,
_c1922.
300 _a230 ;
_e`.
504 _a
942 _cBK
999 _c11883
_d11883